| 000 | 01585cam a2200301 4500 | ||
|---|---|---|---|
| 001 | ABS67269 | ||
| 008 | 031124n2003 000 0 eng u | ||
| 035 | _a(Sirsi) u124447 | ||
| 100 | _aDriscoll, J. | ||
| 245 | _aTake charge of services | ||
| 260 | _c2003 | ||
| 490 |
_aEstates Gazette _v(0344) 1 November 2003, 160-167(3) |
||
| 520 | _aInvestigates service charge consultations under the Commonhold and Leasehold Reform Act 2002. The new rules came into effect on 31 October 2003. Discusses the amendments to the definition of a service charge, the replacement of present service charge consultations with a more elaborate set of rules, leaseholders' ability to challenge administrative charges and the jurisdiction of the Leasehold Valuation Tribunal including that over the variation of a lease application. Summarises the commencement orders to the Act, the relevant regulations relating to service charge consultations and leasehold valuation tribunals and the leasehold management provisions of the Act not yet put into effect. | ||
| 590 | _aABS | ||
| 650 | _aLANDLORD AND TENANT ACT 1985 S20 | ||
| 650 | _aHOUSING ACT 1985 | ||
| 650 | _aLONG-TERM LEASES | ||
| 650 | _aLANDLORD AND TENANT ACT 1987 SS47-48 | ||
| 650 | _aR V LONDON LVT EX P DAEJAN PROPERTIES LTD | ||
| 650 | _aLEASEHOLD VALUATION TRIBUNALS | ||
| 650 | _aLEASE VARIATIONS | ||
| 650 | _aSERVICE CHARGE DISPUTES | ||
| 650 | _aSERVICE CHARGES | ||
| 650 | _aMAJOR WORKS | ||
| 650 | _aCOMMONHOLD AND LEASEHOLD REFORM ACT 2002 | ||
| 690 | _aLANDLORD AND TENANT-LEASEHOLD REFORM | ||
| 942 | _n0 | ||
| 999 |
_c73842 _d73842 |
||